000 00296nam a2200097Ia 4500
008 220204s9999 xx 000 0 und d
082 _a297.18
_bQUR
245 4 _aThe Quran: The Eternal revelation vouchsafed to Muhammad the Seal of the prophets
260 _aOxford
_bCurzon Press
_c1979
942 _cBK
999 _c33752
_d33752